SC Freiburg Kader 2024/25 - Statistiken

Allgemein
  • Dieses Quiz wurde 145 mal gespielt
  • Das Durchschnittsergebnis liegt bei 18 aus 26
Antwortstatistiken
Nationalität Spieler % Korrekt
Italien Vincenzo Grifo
99%
Deutschland Christian Günter
94%
Japan Ritsu Doan
93%
Deutschland Matthias Ginter
91%
Deutschland Noah Atubolu
88%
Deutschland Lucas Höler
85%
Österreich Philipp Lienhart
85%
Deutschland Nicolas Höfler
84%
Österreich Michael Gregoritsch
80%
Deutschland Maximilian Eggestein
78%
Deutschland Florian Müller
77%
Ungarn Roland Sallai
77%
Österreich Juinor Adamu
71%
Türkei/Deutschland Eren Dinkci
68%
Deutschland Lukas Kübler
67%
Deutschland Patrick Osterhage
64%
Frankreich Jordy Makengo
63%
Frankreich Kilian Sildillia
63%
Deutschland Max Rosenfelder
60%
Kosovo Florent Muslija
59%
Deutschland Jan-Niklas Beste
58%
Schweiz Johan Manzambi
56%
Deutschland Merlin Röhl
54%
Deutschland Noah Weißhaupt
41%
Schweiz/Nigeria Bruno Ogbus
35%
Deutschland Maximilian Philipp
25%
Keine übereinstimmenden Quizze gefunden
Verteilung der Resultate
Anzahl Personen mit jedem Resultat
Perzentil nach korrekt beantworteten Fragen
Ihre Resultats-Entwicklung
Sie haben dieses Quiz noch nicht gespielt